000 00867nam a22002777a 4500
001 BR0902032
003 BR-BrBNA
005 20230928102919.0
007 ta
008 230509b bl.||||| |||| 00| 0 por d
040 _aBR-BrBNA
_bpor
_cBiblioteca Nacional de Agricultura
041 _a(Por)
072 _aE70; E71; E50
090 _ E70 BR0902032
110 1 _aMinistério da Agricultura, Pecuária e Abastecimento, Brasília, DF (Brasil). Secretaria de Relações Internacionais do Agronegócio
_97335
245 1 _aIntegração do agronegócio para exportação: condomínio rural e consórcio
250 1 _a3. ed.
260 3 _aBrasília, DF (Brasil):
_c2008.
300 _a32 p.
500 _a9 illus.
650 _aAGRONEGÓCIO
650 _aEXPORTAÇÃO
650 _aASSOCIAÇÃO RURAL
909 _a202309
_bLucia
_c55
_dLucia Elande
942 _cBK
999 _c72958
_d72958